|
|
|
|
| LEADER |
02597nam a2200349 a 4500 |
| 001 |
45195 |
| 003 |
BD-DhAAL |
| 005 |
20251217095415.0 |
| 008 |
960916r20071999enk b 001 0 eng |
| 010 |
|
|
|a 96044689
|
| 020 |
|
|
|a 0198260296
|
| 020 |
|
|
|a 9780198260295
|
| 035 |
|
|
|a 2108653
|
| 040 |
|
|
|a DLC
|c DLC
|d DLC
|d BD-DhAAL
|
| 050 |
0 |
0 |
|a K720
|b .P46 1997
|
| 082 |
0 |
0 |
|a 346.04
|a 342.64
|2 20
|
| 100 |
1 |
|
|a Penner, J. E.
|q (James E.)
|9 20460
|
| 245 |
1 |
4 |
|a The idea of property in law /
|c J.E. Penner.
|
| 260 |
|
|
|a Oxford :
|b Clarendon Press ;
|a New York :
|b Oxford University Press,
|c 1997 [reprinted 2007].
|
| 300 |
|
|
|a viii, 240 pages ;
|c 25 cm
|
| 500 |
|
|
|a Reprint. Originally published: 1997.
|
| 504 |
|
|
|a Includes bibliographical references (p. [221]-229) and index.
|
| 505 |
|
|
|a 1 Introduction -- 2 The elements of a normative system -- 3 The individuation of the law of property -- 4 The right to property : the exclusion thesis -- 5 The objects of property : the separability thesis -- 6 The duty of non-interference and ownership -- 7 Property and contract I : the power to sell and the influence of markets -- 8 Property and contract II : Hegel's idea of property -- 9 Property and contract III : Locke and the consent to market distribution -- 10 The role of property.
|
| 526 |
8 |
|
|a SOL
|x K. Shamsuddin Mahmood
Professor and Dean
School of Law
Course Name and No.: Property Law and Transfer (LAW 203)
|
| 541 |
1 |
|
|a Karim International
|e 45193, 45194, 45195
|
| 650 |
|
0 |
|a Property.
|
| 650 |
|
0 |
|a Law.
|
| 942 |
|
|
|2 ddc
|c BK
|
| 999 |
|
|
|c 47561
|d 47561
|
| 952 |
|
|
|0 0
|1 0
|2 ddc
|4 0
|6 346_040000000000000_PEN
|7 0
|9 78627
|a BRACUL
|b BRACUL
|c GEN
|d 2025-12-14
|e Karim International
|g 20800.00
|l 0
|o 346.04 PEN
|p 3010045194
|r 2025-12-14
|t 2
|v 41600.00
|w 2025-12-14
|y BK
|x Requisitioned by K. Shamsuddin Mahmood (Professor and Dean, School of Law, BRAC University) for the course named - Property Law and Transfer (LAW 203)
|
| 952 |
|
|
|0 0
|1 0
|2 ddc
|4 0
|6 346_040000000000000_PEN
|7 0
|9 78628
|a BRACUL
|b BRACUL
|c GEN
|d 2025-12-14
|e Karim International
|g 20800.00
|l 0
|o 346.04 PEN
|p 3010045195
|r 2025-12-14
|t 3
|v 41600.00
|w 2025-12-14
|y BK
|x Requisitioned by K. Shamsuddin Mahmood (Professor and Dean, School of Law, BRAC University) for the course named - Property Law and Transfer (LAW 203)
|
| 952 |
|
|
|0 0
|1 0
|2 ddc
|4 0
|6 346_040000000000000_PEN
|7 0
|9 78629
|a BRACUL
|b BRACUL
|c NEW
|d 2025-12-14
|e Karim International
|g 20800.00
|l 0
|o 346.04 PEN
|p 3010045193
|r 2025-12-14
|t 1
|v 41600.00
|w 2025-12-14
|y BK
|x Requisitioned by K. Shamsuddin Mahmood (Professor and Dean, School of Law, BRAC University) for the course named - Property Law and Transfer (LAW 203)
|